Young Justice Heroes - Statistics

General Stats
  • This quiz has been taken 389 times
    199 since last reset
  • The average score is 22 of 34
Answer Stats
Hints Answer % Correct
Tim Drake Robin
100%
Former Sidekick of Aquaman Aqualad
99%
Wally West Former Sidekick of Flash Kid Flash
99%
Clone of the Man of Steel Superboy
98%
Former Sidekick of Green Arrow Speedy
97%
Barbara Gordon Batgirl
94%
Dick Grayson Nightwing
92%
Daughter of Zatara Zatanna
92%
Second Archer Sidekick of Green Arrow Artemis
91%
Jaime Reyes Blue Beetle
86%
Clone of Roy Harper Red Arrow
86%
Niece of J'onn J'onzz Miss Martian
85%
Speedster of the Future Impulse
84%
Jason Todd Red Hood
82%
Blood Brother of M'gann M'orzz Beast Boy
80%
Cassie Sandsmark Wonder Girl
73%
One of the Two Companions of Superboy Wolf
59%
La'gaan Lagoon Boy
58%
Former Sidekick of Icon Rocket
56%
Karen Beecher Bumblebee
53%
Stephanie Brown Spoiler
51%
Tara Markov Terra
51%
One of the Two Companions of Superboy Sphere
49%
Mal Duncan Guardian
47%
Tula Aquagirl
45%
Cassandra Wu-San Orphan
45%
Virgil Hawkins Static
44%
Brian Markov Geo-Force
40%
Cissie King-Jones (Sidekick of Green Arrow) Arrowette
38%
Violet Harper Halo
38%
Bug from New Genesis Forager
37%
Garth Tempest
19%
Traci Thurston Thirteen
19%
Andie Mist
4%
No matching quizzes found
Score Distribution
Percent of People with Each Score
Percentile by Number Answered
Your Score History
You have not taken this quiz since the last reset